000 00288nam a2200121Ia 4500
008 190216s9999||||xx |||||||||||||| ||und||
100 _aSophocles
245 0 _aOedipus Colonusil
260 _bPublished By The Author
_c1966
300 _a100p
650 _aMalayalam Nadakam
942 _cBK
999 _c26405
_d26405